Série A : les français en 2021/2022 - Statistiques

Statistiques générales
  • Ce quiz a été pris 106 fois
  • Le résultat moyen est 9 sur 21
Statistiques - réponses
Club Joueur % Correct
AC Milan Giroud
92%
Juventus Turin Rabiot
90%
AC Milan Hernandez
85%
Salernitana Ribery
84%
AS Roma Veretout
80%
AC Milan Kalulu
74%
AC Milan Maignan
73%
Naples Malcuit
54%
Sassuolo Lopez
48%
Fiorentina Ikoné
38%
AC Milan Bakayoko
32%
Venise Henry
29%
Venise Cuisance
18%
Bologne Soumaoro
16%
La Spezia Amian
14%
La Spezia Antiste
12%
Juventus Turin Aké
11%
Udinese Soppy
9%
Udinese Makengo
7%
Salernitana Mousset
4%
La Spezia Nguiamba
2%
Aucun quiz correspondant
Distribution des résultats
% des personnes avec chaque résultat
Percentile par nombre de réponses
Votre historique - résultats
Vous n’avez pas pris ce quiz